00401nam a2200181Ia 4500003000900000008004100009040001300050040001300063041000800076100002000084245005000104250001100154260001600165260000900181300001100190300001200201490000600213IT-RoPAU120407s9999 xx 000 0 und d aIT-RoPAU cIT-RoPAU aita aAlbert Einstein aRelatività. Esposizione divulgativa. 2a ed. aTorino aBoringhieri c1964 a192 p. c20,5 cm v1